| Tag |
First Indicator |
Second Indicator |
Subfields |
| LEADER |
00000cam a2200000M 4500 |
| 001 |
in00003520249 |
| 005 |
20190407115917.0 |
| 006 |
m o d |
| 007 |
cr ||||||||||| |
| 008 |
110707s1965 miu o 001 0 eng |
| 035 |
|
|
|a (OCoLC)ocn780757105
|
| 035 |
|
|
|a (OCoLC)780757105
|
| 040 |
|
|
|a Nz
|b eng
|c UV0
|d RRP
|d OCLCQ
|d OCLCF
|d OCLCO
|d UtOrBLW
|
| 049 |
|
|
|a TXAM
|
| 050 |
|
4 |
|a QP359
|b .L33 1965
|
| 100 |
1 |
|
|a Lachman, Sheldon J.
|
| 245 |
1 |
0 |
|a History and methods of physiological psychology :
|b a brief overview.
|
| 264 |
|
1 |
|a Detroit, Mich. :
|b Hamilton Press,
|c 1965.
|
| 300 |
|
|
|a 1 online resource
|
| 336 |
|
|
|a text
|b txt
|2 rdacontent
|
| 337 |
|
|
|a computer
|b c
|2 rdamedia
|
| 338 |
|
|
|a online resource
|b cr
|2 rdacarrier
|
| 500 |
|
|
|a Includes index.
|
| 520 |
|
|
|a "The intent of this brief book is to present a concise survey of the history and methods of physiological psychology. Essentially, it is a slightly edited transcript of lectures presented in 1961 and 1962 to first year psychology graduate students at Wayne State University in a required General Psychology Proseminar. Since inquiry disclosed no brief and comprehensive presentation of the history or of the methods of physiological psychology and since the time allotment for the physiological psychology material was so abbreviated, it was deemed appropriate to reduce the lectures on history and methods to written form with the purpose of preserving more class time for discussing other topics--especially the psychophysiology of learning. The history of the field as herein outlined is basically a factual account and has been organized with an emphasis on chronological succession"--Preface. (PsycINFO Database Record (c) 2010 APA, all rights reserved).
|
| 500 |
|
|
|a Electronic resource.
|
| 650 |
|
0 |
|a Psychophysiology.
|
| 650 |
|
2 |
|a Psychophysiology.
|
| 650 |
|
7 |
|a Psychophysiology.
|2 fast
|0 (OCoLC)fst01081674
|
| 655 |
|
7 |
|a Electronic books.
|2 local
|
| 730 |
0 |
|
|a PsycBOOKs.
|
| 776 |
1 |
|
|a Original
|
| 856 |
4 |
0 |
|u http://proxy.library.tamu.edu/login?url=http://search.ebscohost.com/direct.asp?db=pzh&jid=200905124&scope=site
|z Connect to the full text of this electronic book
|t 0
|
| 994 |
|
|
|a 92
|b TXA
|
| 999 |
|
|
|a MARS
|
| 999 |
f |
f |
|s 49884697-78f7-3885-adcc-04808fd2c529
|i cd2a6c2b-16be-3948-ae9f-c6530e061b5a
|t 0
|
| 952 |
f |
f |
|a Texas A&M University
|b College Station
|c Electronic Resources
|d Available Online
|t 0
|e QP359 .L33 1965
|h Library of Congress classification
|
| 998 |
f |
f |
|a QP359 .L33 1965
|t 0
|l Available Online
|